000 00762nam a2200229 a 4500
999 _c419744
_d419744
003 BLK
005 20250618145851.0
008 181210b bu ||||| |||| 00| 0 bu d
020 _a9786197300949
040 _aBLK
041 _aBUL
_cBUL
080 _aБългарска литература
_b821.163.2
_z821.163.2-992
100 _91299
_aРусев, Богдан
_eпърви автор
139 _aРусев, Богдан
_bР 94
245 _aПредпоследната крачка
_bИсторията на Кирил Николов-Дизела
_cБогдан Русев
260 _9214255
_aСофия
_bВакон
_c2019
300 _a240 с.
_c20 см
380 _aX
942 _n0
_cKNG
_043
_s1
944 _aCR
_k30530
_lМинев Младен
999 _d419744